[Event "SF Augsburg 1-SK Weilheim 1"]
[Site "?"]
[Date "2023.12.03"]
[Round "3.8"]
[White "Duong, Quang Bach"]
[Black "Gerlach, Florian"]
[Result "1-0"]
[WhiteElo "2218"]
[BlackElo "1783"]
[PlyCount "55"]
[EventDate "2023.??.??"]
[WhiteTeam "SF Augsburg 1"]
[BlackTeam "SK Weilheim 1"]

1. e4 c5 2. Nf3 g6 3. c3 d5 4. e5 Nc6 5. Bb5 Qb6 6. Bxc6+ bxc6 7. O-O Bg4 8. d3 Bg7 9. Re1 e6 10. Nbd2 Ne7 11. Qa4 Bxf3 12. Nxf3 Qb5 13. Qc2 O-O 14. Bg5 Rfe8 15. c4 Qb6 16. Rac1 d4 17. Qd2 Rab8 18. Rc2 Qb4 19. Qf4 a5 20. Rce2 Nc8 21. Qh4 Qb7 22. Bf6 Nb6 23. Ng5 h6 24. Ne4 Nc8 25. Nxc5 Qa7 26. Bxg7 Kxg7 27. Qxd4 Ne7 28. Nxe6+ 1-0

[Event "SK Schwandorf 1-SC Groebenzell 1"]
[Site "?"]
[Date "2023.12.03"]
[Round "3.1"]
[White "Schuster, Karsten"]
[Black "Zvara, Petr"]
[Result "0-1"]
[WhiteElo "2305"]
[BlackElo "2335"]
[PlyCount "118"]
[EventDate "2023.??.??"]
[WhiteTeam "SC Gröbenzell 1"]
[BlackTeam "SK Schwandorf 1"]

1. d4 Nf6 2. c4 g6 3. Nc3 Bg7 4. e4 d6 5. Be2 O-O 6. Bg5 c5 7. d5 h6 8. Bf4 e6 9. Qd2 exd5 10. exd5 Kh7 11. Nf3 Na6 12. h3 Nc7 13. a4 Na6 14. g4 Nb4 15. Kf1 Re8 16. Re1 Ne4 17. Nxe4 Rxe4 18. b3 a6 19. Bd1 Rxe1+ 20. Nxe1 b5 21. Nd3 Nxd3 22. Qxd3 bxa4 23. bxa4 Qf6 24. Bg3 Rb8 25. Kg2 a5 26. Re1 Ba6 27. Re4 Rb4 28. h4 Qc3 29. Qxc3 Bxc3 30. Be2 Rxa4 31. Bxd6 Bd4 32. Bc7 Ra2 33. g5 hxg5 34. hxg5 a4 35. Kg3 a3 36. d6 Bc8 37. Bg4 Bxf2+ 38. Kf3 Bxg4+ 39. Rxg4 Rd2 40. d7 Rxd7 41. Be5 f5 42. gxf6 Bd4 43. Bxd4 cxd4 44. Ke2 a2 45. Rg1 Ra7 46. Ra1 Kg8 47. Kd3 Kf7 48. Kxd4 Kxf6 49. Kc5 Ke7 50. Kb6 Ra3 51. c5 Kd7 52. c6+ Kc8 53. Kc5 Kc7 54. Kb4 Ra8 55. Kc5 g5 56. Kb5 g4 57. Kb4 g3 58. Kb3 g2 59. Kb2 Kxc6 0-1

[Event "SK Schwandorf 1-SC Groebenzell 1"]
[Site "?"]
[Date "2023.12.03"]
[Round "3.2"]
[White "Barth, Norbert"]
[Black "Hoy, Bernd"]
[Result "1/2-1/2"]
[WhiteElo "2221"]
[BlackElo "2187"]
[PlyCount "68"]
[EventDate "2023.??.??"]
[WhiteTeam "SK Schwandorf 1"]
[BlackTeam "SC Gröbenzell 1"]

1. e4 e5 2. Nf3 d6 3. d4 exd4 4. Nxd4 Nf6 5. Nc3 Be7 6. Nde2 Nbd7 7. b3 Nc5 8. f3 a5 9. a4 c6 10. Bb2 O-O 11. Nf4 Nfd7 12. Qd4 Ne5 13. Nh5 Bh4+ 14. Ng3 Ne6 15. Qf2 f5 16. exf5 Rxf5 17. O-O-O d5 18. Kb1 Qc7 19. Qg1 Rf7 20. Nge2 Bd7 21. f4 Ng4 22. g3 Be7 23. Nd4 Nxd4 24. Qxd4 Re8 25. Re1 Bf6 26. Rxe8+ Bxe8 27. Qd2 Qb6 28. Nd1 Bxb2 29. Kxb2 Re7 30. Bd3 Nf6 31. Re1 Qd4+ 32. c3 Qc5 33. Rxe7 Qxe7 34. Qe3 Kf8 1/2-1/2

[Event "SK Schwandorf 1-SC Groebenzell 1"]
[Site "?"]
[Date "2023.12.03"]
[Round "3.3"]
[White "Grawe, Christian"]
[Black "Schmidt, Oliver"]
[Result "1/2-1/2"]
[WhiteElo "2197"]
[BlackElo "2020"]
[PlyCount "70"]
[EventDate "2023.??.??"]
[WhiteTeam "SC Gröbenzell 1"]
[BlackTeam "SK Schwandorf 1"]

1. e4 c5 2. Nf3 Nc6 3. d4 cxd4 4. Nxd4 Nf6 5. Nc3 e5 6. Ndb5 d6 7. Bg5 a6 8. Na3 b5 9. Bxf6 gxf6 10. Nd5 Bg7 11. Bd3 Ne7 12. Nxe7 Qxe7 13. O-O O-O 14. c4 f5 15. Qh5 Rb8 16. exf5 e4 17. Rae1 Bb7 18. Qg4 Rfe8 19. cxb5 d5 20. bxa6 Ba8 21. Bb5 Red8 22. Rc1 Kh8 23. a7 Qxa7 24. Rc2 Be5 25. f6 Rg8 26. Qf5 Bd4 27. Bc6 Bxc6 28. Rxc6 Bxb2 29. Nc2 Rbd8 30. Ne3 Qd7 31. Qxd7 Rxd7 32. Rd1 d4 33. Nc4 Bc3 34. Ne5 Ra7 35. Kf1 Re8 1/2-1/2

[Event "SK Schwandorf 1-SC Groebenzell 1"]
[Site "?"]
[Date "2023.12.03"]
[Round "3.4"]
[White "Muehling, Werner"]
[Black "Pieper, Thomas"]
[Result "0-1"]
[WhiteElo "2015"]
[BlackElo "2156"]
[PlyCount "76"]
[EventDate "2023.??.??"]
[WhiteTeam "SK Schwandorf 1"]
[BlackTeam "SC Gröbenzell 1"]

1. d4 Nf6 2. e3 g6 3. b3 Bg7 4. Bb2 O-O 5. Bd3 a5 6. Nf3 d6 7. O-O Nc6 8. a3 e5 9. Nbd2 Re8 10. dxe5 Ng4 11. Bb5 Bd7 12. Nc4 Ngxe5 13. Nfxe5 Nxe5 14. Bxd7 Qxd7 15. Nxe5 Bxe5 16. Bxe5 Rxe5 17. Qd2 Qc6 18. a4 Rc5 19. Rac1 Rc3 20. e4 Re8 21. Rfe1 Re5 22. f4 Rec5 23. Re3 Rxc2 24. Rxc2 Rxc2 25. Qxa5 Rc1+ 26. Kf2 Qc2+ 27. Re2 Qxb3 28. e5 dxe5 29. Rxe5 Qb2+ 30. Kf3 Rf1+ 31. Kg3 Qb3+ 32. Kg4 Qd1+ 33. Kg3 Qd3+ 34. Kg4 h5+ 35. Kg5 Qd8+ 36. Kh6 Qf8+ 37. Kg5 f6+ 38. Kxg6 Qf7+ 0-1

[Event "SK Schwandorf 1-SC Groebenzell 1"]
[Site "?"]
[Date "2023.12.03"]
[Round "3.5"]
[White "Zentgraf, Alexander"]
[Black "Steger, Eric"]
[Result "1/2-1/2"]
[WhiteElo "2106"]
[BlackElo "1967"]
[PlyCount "69"]
[EventDate "2023.??.??"]
[WhiteTeam "SC Gröbenzell 1"]
[BlackTeam "SK Schwandorf 1"]

1. d4 Nf6 2. Nf3 e6 3. e3 d5 4. Bd3 c5 5. b3 Nc6 6. O-O Be7 7. Bb2 O-O 8. c4 b6 9. Nbd2 Bb7 10. Rc1 Rc8 11. Qe2 Re8 12. Rfd1 Bf8 13. Nf1 Qe7 14. Ng3 Nb4 15. Bb1 g6 16. dxc5 bxc5 17. a3 Na6 18. Ne5 Bg7 19. Bc3 h5 20. Qb2 Red8 21. Ne2 Ne8 22. Nf3 Bxc3 23. Qxc3 dxc4 24. Qxc4 Qf6 25. Qc3 Nac7 26. Qxf6 Nxf6 27. Nc3 Kf8 28. Ne5 Ke7 29. Na4 Rxd1+ 30. Rxd1 Nb5 31. Nc4 Bd5 32. Bd3 Ne4 33. f3 Ned6 34. Rc1 Nb7 35. Nab2 1/2-1/2

[Event "SK Schwandorf 1-SC Groebenzell 1"]
[Site "?"]
[Date "2023.12.03"]
[Round "3.6"]
[White "Stoeckl, Stephan"]
[Black "Golder, Waldemar"]
[Result "1/2-1/2"]
[WhiteElo "2028"]
[BlackElo "2029"]
[PlyCount "49"]
[EventDate "2023.??.??"]
[WhiteTeam "SK Schwandorf 1"]
[BlackTeam "SC Gröbenzell 1"]

1. Nf3 c5 2. c4 g6 3. g3 Bg7 4. Bg2 Nc6 5. O-O e6 6. Nc3 Nge7 7. d3 O-O 8. Rb1 d5 9. Bd2 b6 10. Qc1 Bb7 11. Bh6 Re8 12. Bxg7 Kxg7 13. e3 Qd7 14. Ne2 Red8 15. Rd1 Rac8 16. b3 Rc7 17. Qb2+ d4 18. exd4 Nxd4 19. Nexd4 cxd4 20. Re1 Qd6 21. Qe2 Nc6 22. Ne5 Nxe5 23. Qxe5+ Qxe5 24. Rxe5 Bc8 25. b4 1/2-1/2

[Event "SK Schwandorf 1-SC Groebenzell 1"]
[Site "?"]
[Date "2023.12.03"]
[Round "3.7"]
[White "Foessmeier, Ulrich Johann"]
[Black "Paar, Johannes"]
[Result "1-0"]
[WhiteElo "2162"]
[BlackElo "1947"]
[PlyCount "79"]
[EventDate "2023.??.??"]
[WhiteTeam "SC Gröbenzell 1"]
[BlackTeam "SK Schwandorf 1"]

1. d4 Nf6 2. c3 b6 3. Bf4 Bb7 4. e3 e6 5. Nf3 Be7 6. h3 d6 7. Be2 Nbd7 8. O-O O-O 9. a4 c5 10. a5 a6 11. axb6 Qxb6 12. Nbd2 cxd4 13. exd4 d5 14. Ra2 Ne8 15. Bd3 Nd6 16. Qe2 Nf6 17. Ne5 Rfc8 18. Rc1 a5 19. Bg5 Bc6 20. Ng4 Nde4 21. Bxe4 dxe4 22. Bxf6 Bxf6 23. Nxf6+ gxf6 24. Nxe4 Qd8 25. Qg4+ Kh8 26. Qh4 Bxe4 27. Qxe4 Kg7 28. Re1 f5 29. Qe5+ Qf6 30. Rxa5 Qxe5 31. Rexe5 Rab8 32. Reb5 Kf6 33. Kf1 f4 34. Ke2 Rg8 35. Rxb8 Rxb8 36. b4 Rc8 37. Rc5 Ra8 38. Kf3 Ra2 39. b5 Rb2 40. c4 1-0

[Event "SK Schwandorf 1-SC Groebenzell 1"]
[Site "?"]
[Date "2023.12.03"]
[Round "3.8"]
[White "Jehl, Guenter"]
[Black "Schmidt, Anton"]
[Result "1/2-1/2"]
[WhiteElo "2083"]
[BlackElo "2060"]
[PlyCount "63"]
[EventDate "2023.??.??"]
[WhiteTeam "SK Schwandorf 1"]
[BlackTeam "SC Gröbenzell 1"]

1. d4 d5 2. e3 c5 3. c3 Nf6 4. Bd3 e6 5. f4 Nc6 6. Nd2 Bd6 7. g3 O-O 8. Qe2 b6 9. Ngf3 Bb7 10. O-O Ne7 11. Ne5 Ne4 12. Qg2 f6 13. Nxe4 dxe4 14. Nc4 f5 15. Be2 Rc8 16. Rd1 Qc7 17. dxc5 Bxc5 18. b4 b5 19. bxc5 bxc4 20. Bxc4 Bd5 21. Ba6 Rcd8 22. Qe2 Qxc5 23. c4 Bc6 24. Bb2 Qb6 25. Bb5 a6 26. Ba3 Rxd1+ 27. Rxd1 axb5 28. Bxe7 Re8 29. c5 Qa5 30. Bd6 Ra8 31. Rd2 Qc3 32. Rc2 1/2-1/2

[Event "SC 1868 Bamberg 1-SK Kriegshaber 1"]
[Site "?"]
[Date "2023.12.03"]
[Round "3.2"]
[White "Pribyl, Josef"]
[Black "Demel, Paul"]
[Result "1/2-1/2"]
[WhiteElo "2206"]
[BlackElo "2108"]
[PlyCount "86"]
[EventDate "2023.??.??"]
[WhiteTeam "SC 1868 Bamberg 1"]
[BlackTeam "SK Kriegshaber 1"]

1. f4 d5 2. b3 g6 3. Bb2 Nf6 4. Nf3 Bg7 5. e3 O-O 6. Be2 Nbd7 7. c4 c6 8. O-O b6 9. Nc3 Bb7 10. Qc2 Ne8 11. d4 Nd6 12. Rad1 Nf6 13. Bd3 e6 14. Ba3 Re8 15. Ne5 Rc8 16. g4 c5 17. g5 Nd7 18. cxd5 exd5 19. Qd2 Nxe5 20. dxe5 Bxe5 21. fxe5 Qxg5+ 22. Qg2 Qxe3+ 23. Rf2 Qxe5 24. Qg3 Qxg3+ 25. hxg3 Re3 26. Kh2 Rce8 27. Bc1 Re1 28. Rxe1 Rxe1 29. Bd2 Re5 30. g4 g5 31. Rf6 Re6 32. Bxg5 d4 33. Nb5 Be4 34. Nxd6 Bxd3 35. Rxe6 fxe6 36. Nc8 Bb1 37. a3 Bc2 38. Nxa7 Bxb3 39. Nc8 b5 40. Nd6 b4 41. axb4 cxb4 42. Bd2 Bd1 43. Bxb4 Bxg4 1/2-1/2

[Event "SC 1868 Bamberg 1-SK Kriegshaber 1"]
[Site "?"]
[Date "2023.12.03"]
[Round "3.4"]
[White "Hofmann, Lorenz"]
[Black "Reis, Thomas"]
[Result "1/2-1/2"]
[WhiteElo "2138"]
[BlackElo "2210"]
[PlyCount "42"]
[EventDate "2023.??.??"]
[WhiteTeam "SC 1868 Bamberg 1"]
[BlackTeam "SK Kriegshaber 1"]

1. Nf3 d5 2. d4 Nf6 3. g3 e6 4. Bg2 Be7 5. O-O O-O 6. c4 c6 7. Nc3 a5 8. b3 b6 9. Ne5 Nfd7 10. Nxd7 Nxd7 11. cxd5 cxd5 12. Bf4 Ba6 13. a4 Rc8 14. Rc1 Nf6 15. Nb5 Bxb5 16. axb5 Qd7 17. Qd3 Ba3 18. Rcd1 Bb4 19. Rc1 Ba3 20. Rcd1 Bb4 21. Rc1 Ba3 1/2-1/2

[Event "SC 1868 Bamberg 1-SK Kriegshaber 1"]
[Site "?"]
[Date "2023.12.03"]
[Round "3.5"]
[White "Kamenskyi, Dmytro"]
[Black "Ploehn, Heiko"]
[Result "0-1"]
[WhiteElo "2107"]
[BlackElo "2118"]
[PlyCount "74"]
[EventDate "2023.??.??"]
[WhiteTeam "SK Kriegshaber 1"]
[BlackTeam "SC 1868 Bamberg 1"]

1. e4 g6 2. d4 d6 3. Be3 Bg7 4. Nc3 c6 5. Qd2 b5 6. Bd3 Qc7 7. Nf3 Nd7 8. h4 h5 9. a4 b4 10. Ne2 c5 11. c4 Ngf6 12. Nf4 cxd4 13. Nxd4 e5 14. Nb5 Qb8 15. Qxb4 O-O 16. Nxg6 fxg6 17. Qxd6 Qxd6 18. Nxd6 Ng4 19. Ke2 Nxe3 20. fxe3 Rb8 21. Rab1 Nc5 22. Bc2 Bg4+ 23. Ke1 a5 24. Nb5 Bh6 25. Nc3 Bxe3 26. Nd5 Bd4 27. Rf1 Rxf1+ 28. Kxf1 Rxb2 29. Rxb2 Bxb2 30. Nf6+ Kf7 31. Nxg4 hxg4 32. Kf2 Nd7 33. Kg3 Nf6 34. c5 Ke7 35. Bb3 Bc3 36. Bd5 Be1+ 37. Kh2 Bxh4 0-1

[Event "SC 1868 Bamberg 1-SK Kriegshaber 1"]
[Site "?"]
[Date "2023.12.03"]
[Round "3.6"]
[White "Mittag, Ralf"]
[Black "Bintakies, Michael"]
[Result "0-1"]
[WhiteElo "2113"]
[BlackElo "2115"]
[PlyCount "103"]
[EventDate "2023.??.??"]
[WhiteTeam "SC 1868 Bamberg 1"]
[BlackTeam "SK Kriegshaber 1"]

1. e4 c6 2. d3 d5 3. Nd2 Qc7 4. Ngf3 Bg4 5. g3 Nd7 6. Bg2 Ngf6 7. h3 Bh5 8. O-O dxe4 9. dxe4 e5 10. Qe2 Bc5 11. Re1 O-O 12. a4 a5 13. Nf1 Rfe8 14. g4 Bg6 15. Ng3 Nf8 16. Nf5 Ne6 17. Nd2 Nd7 18. Nb3 Bb6 19. Bf1 f6 20. Qf3 Bf7 21. Bc4 Ng5 22. Bxf7+ Nxf7 23. Nd2 g6 24. Ng3 Ng5 25. Qb3+ Kg7 26. Kg2 Nc5 27. Qc3 Nce6 28. Ne2 Bc5 29. h4 Bb4 30. Qc4 Nf7 31. c3 Nd6 32. Qd3 Bc5 33. Qg3 b5 34. f4 exf4 35. Nxf4 Qe7 36. Nb3 Bb6 37. e5 Nc4 38. exf6+ Qxf6 39. Nxe6+ Rxe6 40. Bg5 Qf7 41. Rxe6 Qxe6 42. Re1 Qd5+ 43. Kh2 Rf8 44. Nd4 Bxd4 45. cxd4 Qxd4 46. Re7+ Kg8 47. b3 Nd2 48. Bxd2 Qxd2+ 49. Kg1 bxa4 50. bxa4 Qd1+ 51. Kh2 Qxa4 52. Kg2 0-1

[Event "SC 1868 Bamberg 1-SK Kriegshaber 1"]
[Site "?"]
[Date "2023.12.03"]
[Round "3.7"]
[White "Filin, Denys"]
[Black "Herrmann, Jens"]
[Result "1/2-1/2"]
[WhiteElo "2044"]
[BlackElo "2047"]
[PlyCount "56"]
[EventDate "2023.??.??"]
[WhiteTeam "SK Kriegshaber 1"]
[BlackTeam "SC 1868 Bamberg 1"]

1. Nf3 d5 2. c4 d4 3. g3 Nc6 4. Bg2 e5 5. d3 Bb4+ 6. Bd2 a5 7. O-O Nf6 8. Na3 O-O 9. Nc2 Be7 10. b3 h6 11. a3 e4 12. dxe4 Nxe4 13. Nfe1 Bf5 14. Nd3 Nc5 15. Nxc5 Bxc5 16. b4 axb4 17. axb4 Rxa1 18. Qxa1 Bxc2 19. bxc5 Re8 20. Qb2 Be4 21. Bxe4 Rxe4 22. Qxb7 Qd7 23. Re1 Re5 24. Qb5 Rh5 25. Ra1 Qe6 26. Ra6 Qxe2 27. Rxc6 Rf5 28. Bf4 Rxf4 1/2-1/2

[Event "SC 1868 Bamberg 1-SK Kriegshaber 1"]
[Site "?"]
[Date "2023.12.03"]
[Round "3.8"]
[White "Nigmatulin, Anatolij"]
[Black "Vollert, Gabriel"]
[Result "1-0"]
[WhiteElo "1953"]
[BlackElo "1716"]
[PlyCount "59"]
[EventDate "2023.??.??"]
[WhiteTeam "SC 1868 Bamberg 1"]
[BlackTeam "SK Kriegshaber 1"]

1. e4 e5 2. Nf3 Nc6 3. Bb5 a6 4. Ba4 Nf6 5. O-O Be7 6. Re1 b5 7. Bb3 d6 8. c3 O-O 9. h3 Nb8 10. d4 Nbd7 11. Nbd2 Bb7 12. Bc2 Re8 13. Nf1 Bf8 14. Ng3 g6 15. Bg5 h6 16. Bd2 c5 17. d5 c4 18. Be3 Bg7 19. Nh2 Qc7 20. Ng4 Kh7 21. Qd2 Ng8 22. Rf1 Nc5 23. a4 Qe7 24. Bxc5 dxc5 25. f4 exf4 26. Qxf4 h5 27. Nxh5 gxh5 28. e5+ Kh8 29. Qf5 Bxe5 30. Qh7# 1-0

[Event "SK Kriegshaber 1-SG PS Regensburg 1"]
[Site "?"]
[Date "2024.01.14"]
[Round "4.2"]
[White "Demel, Paul"]
[Black "Loos, Roland"]
[Result "0-1"]
[WhiteElo "2108"]
[BlackElo "2234"]
[PlyCount "42"]
[EventDate "2024.??.??"]
[WhiteTeam "SK Kriegshaber 1"]
[BlackTeam "SG PS Regensburg 1"]

1. e4 e6 2. d4 d5 3. exd5 exd5 4. Nf3 Nf6 5. Bd3 c5 6. dxc5 Bxc5 7. O-O O-O 8. Bg5 Nc6 9. Nc3 h6 10. Bh4 Bg4 11. Be2 Re8 12. Nd2 Rxe2 13. Nxe2 Nd4 14. Re1 Qb6 15. Nb3 Nxb3 16. axb3 Ne4 17. Ra4 Bxf2+ 18. Bxf2 Qxf2+ 19. Kh1 Bf3 20. gxf3 Qxf3+ 21. Kg1 Nf2 0-1

[Event "SK Kriegshaber 1-SG PS Regensburg 1"]
[Site "?"]
[Date "2024.01.14"]
[Round "4.3"]
[White "Pohl-Kuemmel, Jens-Uwe"]
[Black "Kudrytsky, Stanislav"]
[Result "1/2-1/2"]
[WhiteElo "2222"]
[BlackElo "2055"]
[PlyCount "113"]
[EventDate "2024.??.??"]
[WhiteTeam "SG PS Regensburg 1"]
[BlackTeam "SK Kriegshaber 1"]

1. d4 Nf6 2. c4 c5 3. Nf3 g6 4. Nc3 Bg7 5. e4 cxd4 6. Nxd4 O-O 7. Be2 Nc6 8. Be3 d6 9. O-O Nd7 10. Qd2 Nc5 11. f3 Nxd4 12. Bxd4 Bxd4+ 13. Qxd4 Ne6 14. Qe3 Bd7 15. Rad1 Qa5 16. e5 Ng7 17. exd6 exd6 18. Qf2 Qe5 19. Bd3 Bc6 20. Rfe1 Qa5 21. Be4 Rad8 22. a3 Ne6 23. Nd5 Kg7 24. Qe3 Qc5 25. b4 Qxe3+ 26. Rxe3 Rfe8 27. Kf2 Ng5 28. Bc2 Rxe3 29. Nxe3 Ne6 30. g3 Kf8 31. f4 b6 32. Bb3 Nc7 33. Rd2 a5 34. Nc2 Be4 35. Nd4 axb4 36. axb4 Na6 37. Nb5 Nxb4 38. Rxd6 Rxd6 39. Nxd6 Bc6 40. Ke3 Na6 41. Kd4 Nc5 42. Bc2 f6 43. f5 g5 44. Nc8 Nd7 45. Be4 Ba4 46. Bd5 h5 47. Be6 Bc6 48. Bxd7 Bxd7 49. Nxb6 Bxf5 50. c5 Ke7 51. Nd5+ Ke6 52. c6 h4 53. c7 Kd6 54. Nxf6 hxg3 55. hxg3 Kxc7 56. Ke5 Bc2 57. Ne4 1/2-1/2

[Event "SK Kriegshaber 1-SG PS Regensburg 1"]
[Site "?"]
[Date "2024.01.14"]
[Round "4.4"]
[White "Kamenskyi, Dmytro"]
[Black "Quast, Michael"]
[Result "1/2-1/2"]
[WhiteElo "2107"]
[BlackElo "2211"]
[PlyCount "58"]
[EventDate "2024.??.??"]
[WhiteTeam "SK Kriegshaber 1"]
[BlackTeam "SG PS Regensburg 1"]

1. e4 e5 2. Nf3 Nf6 3. Nc3 Nc6 4. Bb5 Bd6 5. d3 h6 6. a3 a6 7. Ba4 b5 8. Bb3 Bc5 9. Be3 Qe7 10. O-O d6 11. d4 exd4 12. Nxd4 Nxd4 13. Bxd4 Bxd4 14. Qxd4 c5 15. Qd2 c4 16. Ba2 O-O 17. Rfe1 Bb7 18. Rad1 Rfd8 19. b3 cxb3 20. cxb3 d5 21. Nxd5 Bxd5 22. exd5 Qxa3 23. b4 a5 24. Rb1 axb4 25. Bb3 Rd6 26. h3 Rad8 27. Re5 Kf8 28. Qc2 Qa8 29. Qc5 Qa5 1/2-1/2

[Event "SK Kriegshaber 1-SG PS Regensburg 1"]
[Site "?"]
[Date "2024.01.14"]
[Round "4.5"]
[White "Hitzler, Philipp"]
[Black "Bintakies, Michael"]
[Result "1/2-1/2"]
[WhiteElo "2229"]
[BlackElo "2115"]
[PlyCount "65"]
[EventDate "2024.??.??"]
[WhiteTeam "SG PS Regensburg 1"]
[BlackTeam "SK Kriegshaber 1"]

1. d4 d5 2. c4 c6 3. Nf3 Nf6 4. e3 Bg4 5. Nc3 e6 6. h3 Bxf3 7. Qxf3 Nbd7 8. cxd5 cxd5 9. Bd3 Be7 10. O-O O-O 11. Bd2 Nb6 12. a4 Rc8 13. b3 Bb4 14. Rfc1 Qe7 15. Qd1 Nbd7 16. Na2 Bd6 17. a5 Nb8 18. b4 a6 19. Qa4 Nc6 20. b5 axb5 21. Bxb5 Na7 22. Bd3 Rxc1+ 23. Rxc1 Rc8 24. Rb1 Nc6 25. g3 g6 26. Kg2 Kg7 27. Rb6 Ra8 28. a6 Nb8 29. Bb4 Bxb4 30. Qxb4 Qxb4 31. Nxb4 Nxa6 32. Nxa6 bxa6 33. Rxa6 1/2-1/2

[Event "SK Kriegshaber 1-SG PS Regensburg 1"]
[Site "?"]
[Date "2024.01.14"]
[Round "4.6"]
[White "Hahn, Christoph"]
[Black "Wutz, Christoph"]
[Result "0-1"]
[WhiteElo "2103"]
[BlackElo "2174"]
[PlyCount "68"]
[EventDate "2024.??.??"]
[WhiteTeam "SK Kriegshaber 1"]
[BlackTeam "SG PS Regensburg 1"]

1. d4 d5 2. Nc3 e6 3. Bf4 a6 4. e3 Nf6 5. Bd3 c5 6. dxc5 Bxc5 7. g4 Nc6 8. g5 Ng8 9. Nf3 Nge7 10. h4 Bd6 11. Qd2 e5 12. Bg3 Be6 13. e4 d4 14. Ne2 Qb6 15. O-O O-O 16. Nxe5 Bxe5 17. f4 Bb8 18. f5 Bxg3 19. Nxg3 Ne5 20. Nh5 N7g6 21. Qh2 Ng4 22. Qg3 N6e5 23. fxe6 fxe6 24. Nf4 Rf7 25. h5 Raf8 26. g6 Rf6 27. gxh7+ Kxh7 28. Ng6 Rxf1+ 29. Bxf1 Rf3 30. Qh4 d3+ 31. Kh1 Qe3 32. Bg2 Nf2+ 33. Qxf2 Rxf2 34. Nxe5 Qg3 0-1

[Event "SK Kriegshaber 1-SG PS Regensburg 1"]
[Site "?"]
[Date "2024.01.14"]
[Round "4.7"]
[White "Werner, Claus"]
[Black "Stoer, Andreas"]
[Result "1/2-1/2"]
[WhiteElo "2141"]
[BlackElo "2065"]
[PlyCount "51"]
[EventDate "2024.??.??"]
[WhiteTeam "SG PS Regensburg 1"]
[BlackTeam "SK Kriegshaber 1"]

1. e4 e5 2. Nf3 Nc6 3. c3 Nf6 4. d3 d5 5. Nbd2 Be7 6. Be2 O-O 7. Qc2 Re8 8. h3 Bf8 9. g4 b5 10. Nf1 b4 11. Ng3 bxc3 12. bxc3 dxe4 13. dxe4 Nd7 14. Nf5 Nc5 15. Bg5 f6 16. Rd1 Bd7 17. Be3 Qc8 18. Bc4+ Be6 19. Bd5 Qa6 20. Qe2 Bxd5 21. exd5 Qxe2+ 22. Kxe2 Na5 23. Nd2 Red8 24. Bxc5 Bxc5 25. Nb3 Nxb3 26. axb3 1/2-1/2

[Event "TSV Trostberg 1-SK Tarrasch Muenchen 1"]
[Site "?"]
[Date "2024.01.14"]
[Round "4.1"]
[White "Maksimenko, Andrei"]
[Black "Weiss, Christian"]
[Result "1-0"]
[WhiteElo "2453"]
[BlackElo "2343"]
[PlyCount "99"]
[EventDate "2024.??.??"]
[WhiteTeam "SK Tarrasch München 1"]
[BlackTeam "TSV Trostberg 1"]

1. d4 Nf6 2. c4 g6 3. Nc3 Bg7 4. e4 d6 5. Be2 O-O 6. Bg5 c5 7. d5 h6 8. Bf4 Re8 9. Nf3 Bg4 10. O-O Nbd7 11. Re1 Bxf3 12. Bxf3 Qb6 13. Qc2 Nh7 14. Be2 a6 15. a4 Rad8 16. h3 h5 17. Bd2 Bd4 18. Bf1 e6 19. Ne2 Bg7 20. Rab1 exd5 21. exd5 Re7 22. Nc3 Rde8 23. b3 Qd8 24. Rxe7 Rxe7 25. Re1 Rxe1 26. Bxe1 Be5 27. Bd2 Qe7 28. Qd1 Bd4 29. Qe2 Qxe2 30. Bxe2 Kf8 31. g3 Ke7 32. Kg2 Ndf6 33. Bd3 Kd7 34. f4 Ke7 35. Kf3 Nd7 36. g4 hxg4+ 37. hxg4 Nhf6 38. Ne2 Bb2 39. Ng3 Ne8 40. g5 Ng7 41. Bf1 b6 42. a5 bxa5 43. Bxa5 f5 44. gxf6+ Nxf6 45. Bh3 Ba3 46. Ne2 Nd7 47. Bc3 Nh5 48. Bxd7 Kxd7 49. Kg4 Bb4 50. f5 1-0

[Event "TSV Trostberg 1-SK Tarrasch Muenchen 1"]
[Site "?"]
[Date "2024.01.14"]
[Round "4.2"]
[White "Hinterreiter, Markus"]
[Black "Das, Soham"]
[Result "0-1"]
[WhiteElo "2298"]
[BlackElo "2374"]
[PlyCount "68"]
[EventDate "2024.??.??"]
[WhiteTeam "TSV Trostberg 1"]
[BlackTeam "SK Tarrasch München 1"]

1. c4 c6 2. g3 d5 3. Nf3 g6 4. Bg2 Bg7 5. cxd5 cxd5 6. d4 Nc6 7. Nc3 Nh6 8. Bf4 O-O 9. O-O Nf5 10. e3 f6 11. g4 Nd6 12. h3 Nc4 13. Nd2 Nxd2 14. Qxd2 Be6 15. e4 Bf7 16. exd5 Nxd4 17. Qxd4 e5 18. Bxe5 fxe5 19. Qe3 Qb6 20. Qxb6 axb6 21. Rad1 b5 22. d6 b4 23. Nd5 b3 24. axb3 Rad8 25. d7 Kh8 26. Nb6 Bxb3 27. Rd3 Bg8 28. Ra1 Rf4 29. g5 Bf8 30. Re3 Bc5 31. Rxe5 Bxb6 32. Re8 Rxf2 33. Ra8 Rf8+ 34. Kh1 Rxa8 0-1

[Event "TSV Trostberg 1-SK Tarrasch Muenchen 1"]
[Site "?"]
[Date "2024.01.14"]
[Round "4.3"]
[White "Meier, Volker"]
[Black "Mostbauer, Florian"]
[Result "0-1"]
[WhiteElo "2190"]
[BlackElo "2318"]
[PlyCount "112"]
[EventDate "2024.??.??"]
[WhiteTeam "SK Tarrasch München 1"]
[BlackTeam "TSV Trostberg 1"]

1. d4 d5 2. Nf3 Nf6 3. c4 c6 4. Nc3 dxc4 5. a4 Bf5 6. e3 e6 7. Bxc4 Bb4 8. O-O O-O 9. Qe2 h6 10. e4 Bh7 11. e5 Nd5 12. Ne4 Nd7 13. Rd1 Re8 14. Bd2 Bxe4 15. Qxe4 Bxd2 16. Rxd2 Nf8 17. h4 Qa5 18. Ra3 Rad8 19. Bf1 Rd7 20. Rc2 Red8 21. Rc5 Qb6 22. Qc2 Nb4 23. Qc3 a5 24. Ra1 Qa7 25. Re1 Rd5 26. Rc4 Nd7 27. b3 c5 28. dxc5 Nxc5 29. Qe3 b6 30. g3 Qb7 31. Nd4 Qd7 32. Nf3 Rd1 33. Rxd1 Qxd1 34. Nd4 Rd5 35. Kg2 Qh5 36. f4 Qg6 37. Be2 Rd8 38. Rc1 h5 39. Kh3 Kh7 40. Kh2 Kg8 41. Kh3 Kh7 42. Kh2 Rxd4 43. Qxd4 Nxb3 44. Qd1 Nxc1 45. Qxc1 Qf5 46. Qc4 g6 47. Kg2 Kg7 48. Kf2 Qb1 49. Qd4 Nd5 50. Bb5 Qc2+ 51. Kf3 Qb3+ 52. Kf2 Kf8 53. Qd2 Qa3 54. f5 Qc5+ 55. Kf3 Qc3+ 56. Ke2 Qxe5+ 0-1

[Event "TSV Trostberg 1-SK Tarrasch Muenchen 1"]
[Site "?"]
[Date "2024.01.14"]
[Round "4.4"]
[White "Kobl, Rudolf"]
[Black "Reinhard, Simon"]
[Result "1/2-1/2"]
[WhiteElo "2084"]
[BlackElo "2102"]
[PlyCount "107"]
[EventDate "2024.??.??"]
[WhiteTeam "TSV Trostberg 1"]
[BlackTeam "SK Tarrasch München 1"]

1. e4 c6 2. d4 d5 3. e5 c5 4. dxc5 e6 5. a3 Bxc5 6. Nf3 f6 7. c4 fxe5 8. cxd5 Nf6 9. Bb5+ Bd7 10. Bxd7+ Qxd7 11. Nxe5 Qxd5 12. Qxd5 Nxd5 13. O-O O-O 14. Nd3 Bd4 15. Nd2 Nc6 16. Nf3 Bf6 17. Bg5 Rae8 18. Rfe1 e5 19. Nc5 b6 20. Ne4 Rd8 21. Rad1 Bxg5 22. Nexg5 Rfe8 23. g3 h6 24. Ne4 Kf7 25. h4 Re7 26. b4 a6 27. Rd2 Red7 28. Rc1 Nde7 29. Rxd7 Rxd7 30. Kf1 Rd3 31. Rc3 Rxc3 32. Nxc3 Ke6 33. Ke2 Nf5 34. Na4 e4 35. Nd2 Ncd4+ 36. Kd1 e3 37. fxe3 Nxe3+ 38. Ke1 Ndc2+ 39. Ke2 Nd5 40. Nc4 b5 41. Nc5+ Kf5 42. Kd2 Ncxb4 43. Nd6+ Kg4 44. axb4 Kxg3 45. Nf5+ Kf4 46. Nxg7 Nxb4 47. Nd3+ Nxd3 48. Kxd3 h5 49. Nxh5+ Kg4 50. Nf6+ Kxh4 51. Nd5 a5 52. Nc7 b4 53. Kc4 Kg4 54. Nd5 1/2-1/2

[Event "TSV Trostberg 1-SK Tarrasch Muenchen 1"]
[Site "?"]
[Date "2024.01.14"]
[Round "4.5"]
[White "Bolduan, Sebastian"]
[Black "Huch, Reiner"]
[Result "1/2-1/2"]
[WhiteElo "2156"]
[BlackElo "2206"]
[PlyCount "33"]
[EventDate "2024.??.??"]
[WhiteTeam "SK Tarrasch München 1"]
[BlackTeam "TSV Trostberg 1"]

1. d4 d5 2. Nc3 Nf6 3. Bf4 c6 4. e3 Bf5 5. Nf3 e6 6. Ne5 h5 7. f3 Nbd7 8. Bd3 Nxe5 9. Bxe5 Nd7 10. Bf4 Bxd3 11. Qxd3 Be7 12. e4 Bg5 13. Qe3 Bxf4 14. Qxf4 Qf6 15. Qe3 O-O-O 16. O-O-O Nb6 17. b3 1/2-1/2